| 000 | 00431nam a22001817a 4500 | ||
|---|---|---|---|
| 999 |
_c7585 _d7585 |
||
| 003 | OSt | ||
| 005 | 20220111114733.0 | ||
| 008 | 220111b ||||| |||| 00| 0 eng d | ||
| 020 | _a0415417406 | ||
| 040 | _cDDC | ||
| 082 | _a307.76 HEW 2007 | ||
| 100 |
_aHewlett,Mark _915512 |
||
| 245 | _aUrban focus. | ||
| 260 |
_aLondon: _bRoutledge; _c2007 |
||
| 300 |
_a114p; _c24. |
||
| 650 |
_aUrban Communities _915510 |
||
| 942 |
_2ddc _cBOOK |
||